| 000 | 00967nam a2200193 i 4500 | ||
|---|---|---|---|
| 001 | 157084 | ||
| 003 | ES-MaACL | ||
| 005 | 20250824063049.0 | ||
| 008 | 000706s1870 sp |||| | spa d | ||
| 100 | 1 |
_aLarra y Wetoret, Luis Mariano de, _d1830-1901 _970289 |
|
| 245 | 1 | 3 |
_aEl árbol del paraiso _b: comedia en tres actos y en verso / _cpor Luis Mariano de Larra. |
| 260 |
_aMadrid : _b[s.n.], _c1870 ( _fImp. de José Rodríguez) |
||
| 300 |
_a101 p. ; _c19 cm. |
||
| 500 | _aEn port.: Estrenada en el Teatro Español, el 24 de diciembre de 1870. | ||
| 530 | _aDisponible en formato digital. | ||
| 852 |
_aES-MaACL _jF-8610(6) _z- Enc. pasta española _q- Falto de cub. original - La pág. 101 enc. tras port. de la obra siguiente _z- Enc. en un vol. facticio formando parte de la col. facticia "Teatro español moderno", v. 65 |
||
| 856 |
_uhttps://archive.org/details/elarboldelparais28912larr/page/n3 _zInternet Archive |
||
| 999 |
_c157084 _d157084 |
||